The pleasure of antiques
| Main Author: | |
|---|---|
| Format: | Book |
| Language: | English |
| Published: |
London
Octopus Books
1974
|
| Subjects: |
| LEADER | 00525cam a2200193 a 4500 | ||
|---|---|---|---|
| 001 | 0000044092 | ||
| 005 | 19990609090000.0 | ||
| 040 | |a mod | ||
| 041 | |a eng | ||
| 020 | 0 | 0 | |a 0706403274 |
| 090 | 0 | 0 | |a 745.1 |b WAR |c f |
| 100 | 1 | 0 | |a Wardell |h Yervurgh |
| 245 | 1 | 4 | |a The pleasure of antiques |c Yervurgh Wardell |
| 260 | 0 | 0 | |a London |b Octopus Books |c 1974 |
| 300 | 0 | 0 | |a 96p. |c 32cm |
| 650 | 0 | 0 | |a Art objects |x History |
| 650 | 0 | 0 | |a Decorative arts |x History |
| 852 | 0 | 0 | |a 01 |
| 999 | |a 0032983 |b KEMENTAH |d BOOKS |e Rujukan |f Perpustakaan KEMENTAH |j AVAILABLE |q OLD | ||